| 000 | 01762nam0a2200361 4500 | ||
|---|---|---|---|
| 001 | RU\NLR\BIBL_A\016208866 | ||
| 005 | 20230110145338.0 | ||
| 010 |
_a978-5-04-168142-5 _93000 |
||
| 021 |
_aRU _bКН-П-22-070510 _9КН-П-22-6135 |
||
| 035 | _a(NLR Aleph) 016208866 | ||
| 035 | _a(RuMoRGB)011284852 | ||
| 090 |
_a12700685 _c12700685 |
||
| 100 | _a20221116d2022 u y0rusy50 ca | ||
| 101 | 1 |
_arus _ceng |
|
| 102 | _aRU | ||
| 105 | _ay|||z||||||a| | ||
| 181 | 1 |
_ai _baxxe |
|
| 182 | 1 | _an | |
| 200 | 1 |
_aКанун дня всех святых _fРэй Брэдбери _gперевод с английского А. Оганяна |
|
| 203 |
_aТекст _bвизуальный _cнепосредственный |
||
| 210 |
_aМосква _cЭксмо _d2022 |
||
| 215 |
_a189 с. _d18 |
||
| 225 | 1 | _aPocket book | |
| 225 | 1 | _aPocket modern | |
| 225 | 1 | _aPocket book (обложка) | |
| 330 | _aТакого дерева вы не видели никогда в жизни. Оно достигает вершиной небес, и растут на нем тыквы всех форм, размеров и цветов. Возле этого дерева вы встречаете странного господина по имени мистер Смерч, и он увлекает вас в чудесное путешествие, из которого вы вернетесь совсем другим человеком - если вернетесь.. | ||
| 333 | _a16+ | ||
| 686 | 1 | _aШ6(7США)67-445{Лх1979-62} | |
| 700 | 1 |
_aБрэдбери _bР. _f1920-2012 _gРэй _3RU\NLR\AUTH\7716011 |
|
| 942 | _cBOOK | ||
| 980 | _aNB | ||